| 000 | 01217cab a22002175a 4500 | ||
|---|---|---|---|
| 001 | L149336 | ||
| 008 | 100222e2010 xxk 000 0 eng d | ||
| 035 | _a(Sirsi) u149336 | ||
| 041 | 0 | _aeng | |
| 100 | 1 | _aShepherd, Mark | |
| 245 | 0 | 0 |
_aMarkets _bWest End |
| 260 | _c2010 | ||
| 490 |
_aProperty Week _v12 February 2010, 41-48(6) |
||
| 520 | _aThe Crown Estate, Cadogan, Grosvenor and Howard De Walden, London's elite property companies air their recession survival strategies and future plans. Central London development has been boosted by Great Portland Estates' work on Marcol House and the Crown Estate's planned £200m on Regent Street. Speculative development shortages are appearing in West End. British Land's Regent's Place is seeking major tenants such as Shell or Gazprom. Derwent London could soon challenge overseas investors in the Central London Market. Recently formed H2SO agency is making inroads into the West End consultancy market. Property owners are to vote on extending the New West End Company. | ||
| 590 | _aKA | ||
| 651 | 4 | _aLondon | |
| 690 | _aPROPERTY-COMMERCIAL PROPERTY-COMMERCIAL PROPERTY MARKET | ||
| 700 | 1 | _aRigby, Jennifer | |
| 700 | 1 | _aCourtauld, Toby | |
| 942 | _n0 | ||
| 999 |
_c82139 _d82139 |
||